000 00278nam a22001217a 4500
008 160503b xxu||||| |||| 00| 0 eng d
020 _a9781416054429
020 _a9781416054429
041 _aeng
080 _a61
245 _aMedical assistant:
_cStudy Guide;
942 _2udc
_cBK
999 _c1722
_d1722